Estadísticas para Descifra los Países Codificados

Haz click aquí para intentar la prueba.

Estadísticas generales

  • Esta prueba ha sido intentada 2.679 veces
  • La puntuación promedio es 10 de 12

Respuestas en el mapa

Las respuestas están codificadas por una escala verde-roja en el mapa de la prueba según el % correcto abajo.
 

Estadísticas de respuestas

País% Correcto
India
98%
Ruanda
86%
Uruguay
82%
Italia
81%
Perú
81%
Omán
80%
Panamá
78%
Grecia
76%
Tonga
76%
Kenia
74%
Portugal
74%
Vietnam
69%

Distribución de puntuación

Porcentaje por número respondido

Porcentaje de gente con cada puntuación

Historial de tus puntuaciones

No has intentado esta prueba.